000 00736nam a2200229Ia 4500
003 OSt
005 20220923212918.0
006 a|||||r|||| 00| 0
007 ta
008 220922b |||||||| |||| 00| 0 hin d
024 _a156,903
037 _cTextual
040 _aARTS
_cARTS
_bhin
041 _2hin
_ahin
082 _aO152:g, L7(EPH);1-;2
100 _aवात्स्यायन, सच्चिदानन्द
245 0 _aआल बाल
246 _aĀl bāla
260 _aदिल्ली
_b नेशनल पब्लि हाउस
_c1977
942 _hO152:g, L7(EPH);1-;2
_cTEXL
_2CC
999 _c312120
_d312120